[Event "DSOL 2021"]
[Site "Germany"]
[Date "2021.03.02"]
[Round "5.2"]
[White "Welzel, Philipp"]
[Black "Dunsbach, Ralf"]
[Result "0-1"]
[WhiteElo "2208"]
[BlackElo "2142"]
[Annotator "TA"]
[PlyCount "130"]
[EventDate "2021.01.18"]
[EventType "team-tourn"]
[EventCountry "GER"]
[SourceTitle "playchess.com"]
[Source "ChessBase"]
[SourceQuality "1"]

1. d4 Nf6 2. Nf3 g6 3. c4 Bg7 4. g3 c6 5. Bg2 d5 6. b3 O-O 7. O-O dxc4 8. bxc4 c5 9. Bb2 Qb6 10. Qc1 cxd4 11. Nxd4 Nc6 12. Nxc6 bxc6 13. Nd2 Be6 14. Nb3 Rfd8 15. e3 Qa6 16. Nd4 Bxc4 17. Nxc6 Bxf1 18. Bxf1 Qb7 19. Nxd8 Rxd8 20. Bg2 Qb6 21. Bd4 Qa5 22. Qc4 Nd5 23. Bxg7 Kxg7 24. Bf3 Nb6 25. Qb3 Rd2 26. a3 Qe5 27. Rc1 Nd7 28. Qb7 Qf6 29. Qc6 e6 30. Kg2 Ne5 31. Qe4 Nd3 32. Rf1 Qb2 33. Qd4+ Qxd4 34. exd4 a5 35. d5 exd5 36. Bxd5 Nxf2 37. Rxf2 Rxd5 38. Rf4 f5 39. Rc4 Rd2+ 40. Kg1 Rd3 41. Ra4 Rd5 42. Rc4 Kf6 43. Rc7 Rd3 44. Rxh7 Rxa3 45. Kg2 a4 46. h4 Rb3 47. Ra7 a3 48. Kf2 Ke5 49. Ra6 Rb2+ 50. Kf3 a2 51. Ra4 Kd5 52. g4 fxg4+ 53. Kxg4 Rb4+ 54. Rxb4 a1=Q 55. Rb5+ Ke6 56. Rg5 Kf6 57. Kf4 Qd4+ 58. Kg3 Qe3+ 59. Kg4 Qf2 60. Kh3 Qf3+ 61. Kh2 Qe4 62. Kg3 Qe1+ 63. Kh3 Qe4 64. Kg3 Qd3+ 65. Kg4 Qe3 0-1

[Event "DSOL 2021"]
[Site "Germany"]
[Date "2021.03.03"]
[Round "5.2"]
[White "Wolter, Detlev"]
[Black "Kornitzky, Tino"]
[Result "0-1"]
[WhiteElo "2202"]
[BlackElo "2083"]
[Annotator "TA"]
[PlyCount "68"]
[EventDate "2021.01.18"]
[EventType "team-tourn"]
[EventCountry "GER"]
[SourceTitle "playchess.com"]
[Source "ChessBase"]
[SourceQuality "1"]

1. d4 Nf6 2. Bg5 d5 3. Nd2 c5 4. dxc5 e6 5. Nb3 h6 6. Bh4 Nbd7 7. Nf3 a5 8. a4 Nxc5 9. Nbd4 Be7 10. e3 O-O 11. Be2 Nfe4 12. Bxe7 Qxe7 13. O-O e5 14. Nb5 Rd8 15. c3 Bf5 16. Ra3 Rac8 17. Qa1 Bg4 18. Rd1 Ng5 19. b4 Bxf3 20. Bxf3 Nxf3+ 21. gxf3 axb4 22. cxb4 Na6 23. Rb3 Qg5+ 24. Kh1 Qh5 25. e4 Nxb4 26. Qa3 Rc2 27. Rf1 Qh3 28. Kg1 dxe4 29. fxe4 Rd3 30. Qxb4 Rxb3 31. Qe7 Qg4+ 32. Kh1 Qxe4+ 33. Kg1 Qg6+ 34. Kh1 Rxf2 0-1

[Event "DSOL 2021"]
[Site "Germany"]
[Date "2021.03.01"]
[Round "5.2"]
[White "Renner, Kai"]
[Black "Browning, Alex"]
[Result "1-0"]
[WhiteElo "2185"]
[BlackElo "2307"]
[Annotator "TA"]
[PlyCount "87"]
[EventDate "2021.01.18"]
[EventType "team-tourn"]
[EventCountry "GER"]
[SourceTitle "playchess.com"]
[Source "ChessBase"]
[SourceQuality "1"]

1. e4 c5 2. Nf3 d6 3. d4 cxd4 4. Nxd4 Nf6 5. Nc3 a6 6. Be2 e5 7. Nb3 Be7 8. O-O O-O 9. Qd3 Nbd7 10. a4 b6 11. Qg3 Kh8 12. Be3 Bb7 13. f3 d5 14. exd5 Nxd5 15. Nxd5 Bxd5 16. Rfd1 Be6 17. Qf2 Qc7 18. Bd3 f5 19. Qe2 e4 20. fxe4 f4 21. Nd4 Bf7 22. Bf2 Ne5 23. Kh1 Bc5 24. Bg1 f3 25. Nxf3 Bh5 26. Rf1 Rf6 27. Bxc5 bxc5 28. Qe3 Bxf3 29. gxf3 Raf8 30. Be2 Ng6 31. Rad1 Nf4 32. Rd2 c4 33. Rd4 Qb6 34. c3 Rh6 35. Qd2 Qf6 36. Bxc4 Nh5 37. Qe1 Qe5 38. Rf2 g5 39. Rd5 Qf4 40. Qd2 Qh4 41. Rxg5 Nf6 42. Rgg2 Nh5 43. Qg5 Qf4 44. Qg8+ 1-0

[Event "DSOL 2021"]
[Site "Germany"]
[Date "2021.03.01"]
[Round "5.2"]
[White "Richter, Georg"]
[Black "Scheller, Thomas"]
[Result "1-0"]
[WhiteElo "2176"]
[BlackElo "1729"]
[Annotator "TA"]
[PlyCount "43"]
[EventDate "2021.01.18"]
[EventType "team-tourn"]
[EventCountry "GER"]
[SourceTitle "playchess.com"]
[Source "ChessBase"]
[SourceQuality "1"]

1. e4 e6 2. d4 d5 3. Be3 dxe4 4. Nd2 Nf6 5. f3 Nbd7 6. fxe4 Be7 7. Ngf3 c5 8. c3 O-O 9. Bd3 b6 10. Qe2 Bb7 11. O-O-O Qc7 12. Kb1 Rac8 13. h4 Ng4 14. Bg5 Rfe8 15. e5 h5 16. Nh2 Nxh2 17. Rxh2 g6 18. g4 hxg4 19. Qxg4 Nf8 20. h5 Bxg5 21. Qxg5 Qe7 22. Qh6 1-0

[Event "DSOL 2021"]
[Site "Germany"]
[Date "2021.03.02"]
[Round "5.2"]
[White "Bossy, Arnim"]
[Black "Stangl, Anita"]
[Result "1-0"]
[WhiteElo "2170"]
[BlackElo "2005"]
[Annotator "TA"]
[PlyCount "57"]
[EventDate "2021.01.18"]
[EventType "team-tourn"]
[EventCountry "GER"]
[SourceTitle "playchess.com"]
[Source "ChessBase"]
[SourceQuality "1"]

1. d4 e6 2. e4 d5 3. exd5 exd5 4. Nf3 Nc6 5. Bb5 Bg4 6. O-O Bd6 7. c4 Nf6 8. Re1+ Be7 9. cxd5 Nxd5 10. Nc3 Nxc3 11. bxc3 O-O 12. h3 Bd7 13. Bf4 a6 14. Bd3 Bf6 15. Qb1 h6 16. Qxb7 Ra7 17. Qb2 g5 18. Bg3 h5 19. Ne5 Nxe5 20. Bxe5 Bxe5 21. Rxe5 f6 22. Re3 Re8 23. Rae1 Rxe3 24. Rxe3 Bc6 25. Qe2 h4 26. Bc4+ Kh8 27. Qh5+ Kg7 28. Qf7+ Kh6 29. Bd3 1-0

[Event "DSOL 2021"]
[Site "Germany"]
[Date "2021.03.04"]
[Round "5.2"]
[White "Gerland, Felix"]
[Black "Schubert, Ralf"]
[Result "1-0"]
[WhiteElo "2169"]
[BlackElo "2107"]
[Annotator "TA"]
[PlyCount "93"]
[EventDate "2021.01.18"]
[EventType "team-tourn"]
[EventCountry "GER"]
[SourceTitle "playchess.com"]
[Source "ChessBase"]
[SourceQuality "1"]

1. c4 g6 2. g3 Bg7 3. Bg2 f5 4. d4 Nf6 5. Nc3 O-O 6. b3 c5 7. e3 cxd4 8. exd4 Nc6 9. Nge2 d6 10. O-O e5 11. Bb2 g5 12. Nd5 f4 13. dxe5 dxe5 14. Ba3 Re8 15. Nec3 e4 16. Nxf6+ Bxf6 17. Nxe4 Bxa1 18. Qxa1 Re5 19. Bb2 Rf5 20. Bf6 Qf8 21. Bxg5 f3 22. Bh1 Ne5 23. Re1 h6 24. Bh4 Ng6 25. Bf6 Bd7 26. Bb2 Bc6 27. Nf6+ Kf7 28. Ng4 Re8 29. Rxe8 Kxe8 30. Ne3 Rf7 31. Qd1 Qc5 32. Nd5 Bxd5 33. cxd5 Kd7 34. Bxf3 Kd6 35. Kg2 Ne5 36. Bxe5+ Kxe5 37. Qe2+ Kf6 38. Qe6+ Kg7 39. Qe5+ Kf8 40. Qh8+ Ke7 41. Qxh6 Qc3 42. Qe6+ Kf8 43. Qe4 Qb2 44. d6 Qxa2 45. Qd4 Rd7 46. Bg4 Rd8 47. Qh8+ 1-0

[Event "DSOL 2021"]
[Site "Germany"]
[Date "2021.03.03"]
[Round "5.2"]
[White "Linde, Wolfgang"]
[Black "Diehl, Achim"]
[Result "1-0"]
[WhiteElo "2147"]
[BlackElo "2014"]
[Annotator "TA"]
[PlyCount "59"]
[EventDate "2021.01.18"]
[EventType "team-tourn"]
[EventCountry "GER"]
[SourceTitle "playchess.com"]
[Source "ChessBase"]
[SourceQuality "1"]

1. e4 c5 2. c3 Nf6 3. e5 Nd5 4. d4 cxd4 5. cxd4 Nc6 6. Nf3 d6 7. Bc4 e6 8. O-O Be7 9. Qe2 O-O 10. Nc3 dxe5 11. dxe5 Nb6 12. Bd3 Nd4 13. Nxd4 Qxd4 14. Nb5 Qd8 15. Rd1 Nd5 16. Be4 a6 17. Nc3 Nxc3 18. bxc3 Qc7 19. Rb1 g6 20. Be3 Bc5 21. Bh6 Re8 22. Qf3 Rb8 23. Qf6 Bf8 24. Bxf8 Rxf8 25. Rd6 b5 26. Rbd1 a5 27. h4 Re8 28. Rd8 Ba6 29. R1d7 Qxd8 30. Qxf7+ 1-0

[Event "DSOL 2021"]
[Site "Germany"]
[Date "2021.03.03"]
[Round "5.2"]
[White "Weihrauch, Jakob"]
[Black "Lundin, Jan"]
[Result "0-1"]
[WhiteElo "2146"]
[BlackElo "1620"]
[Annotator "TA"]
[PlyCount "106"]
[EventDate "2021.01.18"]
[EventType "team-tourn"]
[EventCountry "GER"]
[SourceTitle "playchess.com"]
[Source "ChessBase"]
[SourceQuality "1"]

1. e4 c6 2. d4 d5 3. Nc3 dxe4 4. Nxe4 Nf6 5. Nxf6+ gxf6 6. Nf3 Bg4 7. Be2 e6 8. Be3 Qa5+ 9. c3 Qc7 10. Qd2 Nd7 11. O-O-O O-O-O 12. h3 Bh5 13. Kb1 Bd6 14. Ka1 Rhg8 15. g4 Bg6 16. Nh4 Kb8 17. f4 Be4 18. Rhf1 c5 19. Bf3 Bxf3 20. Nxf3 Nb6 21. Qe2 c4 22. Nd2 f5 23. g5 Rc8 24. Nf3 Nd5 25. Ne5 f6 26. gxf6 Nxf6 27. Rg1 b5 28. Bf2 Nd5 29. Qf3 a5 30. Rc1 Qb7 31. Rxg8 Rxg8 32. Rg1 Rxg1+ 33. Bxg1 Qg7 34. Bh2 Bxe5 35. dxe5 Qa7 36. Qg3 Qe3 37. Qg8+ Kb7 38. a3 b4 39. Qf7+ Nc7 40. axb4 axb4 41. Qe7 b3 42. Qb4+ Qb6 43. Qxc4 Qa5+ 44. Kb1 Qa2+ 45. Kc1 Qa1+ 46. Kd2 Qxb2+ 47. Ke1 Qc1+ 48. Ke2 Qc2+ 49. Kf1 Qd1+ 50. Kf2 Qd2+ 51. Kf1 b2 52. Qb4+ Kc8 53. Qf8+ Qd8 0-1

[Event "DSOL 2021"]
[Site "Germany"]
[Date "2021.03.04"]
[Round "5.2"]
[White "Einwiller, Dieter"]
[Black "Fucik, Timo"]
[Result "0-1"]
[WhiteElo "2138"]
[BlackElo "1751"]
[Annotator "TA"]
[PlyCount "112"]
[EventDate "2021.01.18"]
[EventType "team-tourn"]
[EventCountry "GER"]
[SourceTitle "playchess.com"]
[Source "ChessBase"]
[SourceQuality "1"]

1. d4 d5 2. c4 c6 3. Nc3 dxc4 4. a4 e5 5. e3 exd4 6. exd4 Be6 7. Nf3 Nf6 8. Be2 Be7 9. O-O O-O 10. Ne5 Nbd7 11. Nxc4 Qc7 12. Be3 Nb6 13. b3 Rad8 14. Qc1 Nbd5 15. Bf3 Ng4 16. Bxg4 Bxg4 17. Nxd5 Rxd5 18. Bf4 Qc8 19. Ne3 Rxd4 20. Nxg4 Qxg4 21. Be3 Rb4 22. Qc2 Qg6 23. Qxg6 hxg6 24. Bxa7 Rxb3 25. Rfb1 Rxb1+ 26. Rxb1 Rd8 27. g3 Rd7 28. Be3 Kf8 29. a5 Ke8 30. Rc1 Rc7 31. Bf4 Rc8 32. Rb1 g5 33. Be5 f6 34. Bc3 Rc7 35. Kg2 Kd7 36. Kf3 Ke6 37. g4 Kd5 38. Ke2 Kc4 39. Bd2 Bc5 40. f4 gxf4 41. Bxf4 Re7+ 42. Kf3 g5 43. Bd2 Bd4 44. Rb4+ Kd3 45. Bc1 c5 46. Rb6 c4 47. Rd6 c3 48. Ba3 c2 49. Bb2 Re3+ 50. Kg2 Re2+ 51. Kf3 Re3+ 52. Kg2 Re4 53. Kf3 Rf4+ 54. Kg3 Kc4 55. Bc1 Be5 56. Rd2 Rf1+ 0-1

[Event "DSOL 2021"]
[Site "Germany"]
[Date "2021.03.05"]
[Round "5.2"]
[White "Runte, Moritz"]
[Black "Kaiser, Martin"]
[Result "1-0"]
[WhiteElo "2133"]
[BlackElo "2136"]
[Annotator "TA"]
[PlyCount "35"]
[EventDate "2021.01.18"]
[EventType "team-tourn"]
[EventCountry "GER"]
[SourceTitle "playchess.com"]
[Source "ChessBase"]
[SourceQuality "1"]
[WhiteTeam "SV Hemer"]
[BlackTeam "SC Weisse Dame"]

1. e4 c5 2. Nf3 Nc6 3. Bb5 g6 4. O-O Bg7 5. c3 e5 6. d4 exd4 7. cxd4 cxd4 8. Bf4 Nge7 9. Bd6 b6 10. Nbd2 Bb7 11. Re1 Nc8 12. Nc4 a6 13. Bxc6 dxc6 14. e5 b5 15. Qb3 Qd7 16. Na5 Nxd6 17. exd6+ Kf8 18. Re7 1-0

[Event "DSOL 2021"]
[Site "Germany"]
[Date "2021.03.01"]
[Round "5.2"]
[White "Happe, Reinhold"]
[Black "Grigorian, Spartak"]
[Result "1/2-1/2"]
[WhiteElo "2119"]
[BlackElo "2458"]
[Annotator "TA"]
[PlyCount "109"]
[EventDate "2021.01.18"]
[EventType "team-tourn"]
[EventCountry "GER"]
[SourceTitle "playchess.com"]
[Source "ChessBase"]
[SourceQuality "1"]

1. c4 e5 2. Nc3 Nf6 3. Nf3 Nc6 4. d4 exd4 5. Nxd4 Bb4 6. Nxc6 bxc6 7. g3 Ne4 8. Qd4 Nxc3 9. bxc3 Be7 10. Bg2 Bf6 11. Qe3+ Qe7 12. Qxe7+ Kxe7 13. Bd2 Rb8 14. O-O Ba6 15. Be3 Bxc4 16. Bxa7 Rb2 17. Bc5+ d6 18. Bd4 Ra8 19. Bxc6 Raxa2 20. Rxa2 Rxa2 21. Bf3 Rd2 22. Rc1 c5 23. Bxf6+ Kxf6 24. e3 Ke6 25. h4 Bd5 26. Rd1 Rxd1+ 27. Bxd1 h6 28. Bc2 f5 29. Kf1 g5 30. hxg5 hxg5 31. Ke2 Bc4+ 32. Kd2 g4 33. Bb1 Ke5 34. Bc2 Bf1 35. Bb1 d5 36. Bc2 Bg2 37. Bd3 Be4 38. Bf1 Bf3 39. Bd3 c4 40. Bc2 Be4 41. Bxe4 Kxe4 42. Ke2 Ke5 43. Kd2 Kd6 44. Kc2 Kc5 45. Kb2 Kb5 46. Ka2 Ka4 47. Kb2 Ka5 48. Ka2 Kb5 49. Kb2 Kc5 50. Kc2 Kd6 51. Kd2 Ke5 52. Kd1 Ke4 53. Ke2 Ke5 54. Kd2 Ke4 55. Ke2 1/2-1/2

[Event "DSOL 2021"]
[Site "Germany"]
[Date "2021.03.05"]
[Round "5.2"]
[White "Rolf, Marco"]
[Black "Schmitt, Carsten"]
[Result "1-0"]
[WhiteElo "2113"]
[BlackElo "1901"]
[Annotator "TA"]
[PlyCount "51"]
[EventDate "2021.01.18"]
[EventType "team-tourn"]
[EventCountry "GER"]
[SourceTitle "playchess.com"]
[Source "ChessBase"]
[SourceQuality "1"]
[WhiteTeam "SK Gernsheim"]
[BlackTeam "SV Bergwinkel"]

1. d4 Nf6 2. c4 e6 3. Nc3 Bb4 4. Qc2 O-O 5. e4 d5 6. e5 Ne4 7. Bd3 c5 8. Nf3 cxd4 9. Nxd4 Nd7 10. Bf4 Qh4 11. g3 Qh3 12. cxd5 exd5 13. f3 Nxc3 14. bxc3 Bc5 15. Bf5 Qh5 16. Bg4 Qg6 17. Bf5 Qh5 18. g4 Qh3 19. O-O-O g6 20. Bd3 Bxd4 21. cxd4 Nb6 22. Qf2 Bxg4 23. fxg4 Qxg4 24. Kb1 Rac8 25. Bh6 Rfd8 26. Qf6 1-0

[Event "DSOL 2021"]
[Site "Germany"]
[Date "2021.03.01"]
[Round "5.2"]
[White "Meyer-Dunker, Paul"]
[Black "Lagunow, Raphael"]
[Result "1-0"]
[WhiteElo "2112"]
[BlackElo "2378"]
[Annotator "TA"]
[PlyCount "161"]
[EventDate "2021.01.18"]
[EventType "team-tourn"]
[EventCountry "GER"]
[SourceTitle "playchess.com"]
[Source "ChessBase"]
[SourceQuality "1"]

1. e4 c5 2. Nf3 Nc6 3. d4 cxd4 4. Nxd4 Nf6 5. Nc3 e5 6. Ndb5 d6 7. Nd5 Nxd5 8. exd5 Ne7 9. c4 Ng6 10. Qa4 Bd7 11. Qb4 Qb8 12. Be3 a6 13. Nc3 a5 14. Qb3 Be7 15. Na4 Bd8 16. c5 O-O 17. Bb5 Bxb5 18. Qxb5 Nh4 19. O-O Qc8 20. f3 e4 21. fxe4 Qg4 22. Rf2 Qxe4 23. Re1 Bg5 24. Nc3 Qxe3 25. Rxe3 Bxe3 26. c6 bxc6 27. dxc6 Rab8 28. Qe2 Rfe8 29. c7 Rbc8 30. Qb5 Ng6 31. Nd5 Bc5 32. Kf1 Ne7 33. Re2 Kf8 34. Qb7 Nxd5 35. Rxe8+ Rxe8 36. c8=Q Rxc8 37. Qxc8+ Ke7 38. a3 a4 39. Qa8 Nb6 40. Qe4+ Kf6 41. Qxh7 g6 42. Qh3 Ke7 43. Qd3 Kd7 44. b4 axb3 45. Qxb3 d5 46. a4 Nc4 47. Ke2 Bb6 48. h4 Kd6 49. g4 Bd8 50. h5 Bg5 51. a5 Ne5 52. a6 Nc6 53. a7 Nd4+ 54. Kf2 Nxb3 55. a8=Q Nd2 56. Qf8+ Ke6 57. h6 Ne4+ 58. Ke2 Nf6 59. Kd3 Bxh6 60. Qxh6 Nxg4 61. Qg7 Nf6 62. Kd4 Nd7 63. Qh8 Ke7 64. Kxd5 Nf6+ 65. Ke5 Nd7+ 66. Kf4 Nf6 67. Ke5 Nd7+ 68. Ke4 Nf6+ 69. Kf4 Nd7 70. Kg5 Nf8 71. Qf6+ Ke8 72. Qd6 Nd7 73. Kh6 Kd8 74. Kg7 Ke8 75. Kg8 g5 76. Kg7 f6 77. Kg6 g4 78. Kf5 Ne5 79. Ke6 Ng6 80. Qd7+ Kf8 81. Qf7# 1-0

[Event "DSOL 2021"]
[Site "Germany"]
[Date "2021.03.05"]
[Round "5.2"]
[White "Koop, Soeren"]
[Black "Maksimovic, Marko"]
[Result "1/2-1/2"]
[WhiteElo "2110"]
[BlackElo "2144"]
[Annotator "TA"]
[PlyCount "104"]
[EventDate "2021.01.18"]
[EventType "team-tourn"]
[EventCountry "GER"]
[SourceTitle "playchess.com"]
[Source "ChessBase"]
[SourceQuality "1"]
[WhiteTeam "SC Wrist-Kellinghusen"]
[BlackTeam "SU Ebersberg-Grafing"]

1. e4 c5 2. Nc3 Nc6 3. Bb5 d6 4. Bxc6+ bxc6 5. f4 g6 6. Nf3 Bg4 7. O-O Bg7 8. h3 Bd7 9. e5 d5 10. d3 e6 11. Qe1 Bf8 12. g4 h5 13. Kg2 Ne7 14. Na4 Nc8 15. Qc3 d4 16. Qe1 Nb6 17. Nxb6 axb6 18. Ng5 Be7 19. Ne4 b5 20. Bd2 Qc7 21. Qf2 O-O-O 22. g5 Qb6 23. Rfb1 Kb7 24. a4 Ra8 25. a5 Qc7 26. c3 Rxa5 27. cxd4 Rxa1 28. Rxa1 cxd4 29. Ba5 Qc8 30. Qxd4 c5 31. Qg1 Bc6 32. Kg3 h4+ 33. Kg4 Bxe4 34. dxe4 Qc6 35. Qe1 Ra8 36. b4 c4 37. Rd1 Rc8 38. Kxh4 c3 39. Qe2 c2 40. Rc1 Qc4 41. Qxc4 Rxc4 42. Kg4 Bxb4 43. Bxb4 Rxb4 44. Rxc2 Rxe4 45. Kf3 Rc4 46. Rd2 Kc7 47. h4 b4 48. Ra2 Kb7 49. Ke3 Rc3+ 50. Kd4 Rh3 51. Rb2 b3 52. Kc4 Kc6 1/2-1/2

[Event "DSOL 2021"]
[Site "Germany"]
[Date "2021.03.02"]
[Round "5.2"]
[White "Decker, Nils"]
[Black "Haufe, Laurin"]
[Result "1-0"]
[WhiteElo "2105"]
[BlackElo "2052"]
[Annotator "TA"]
[PlyCount "121"]
[EventDate "2021.01.18"]
[EventType "team-tourn"]
[EventCountry "GER"]
[SourceTitle "playchess.com"]
[Source "ChessBase"]
[SourceQuality "1"]

1. e4 c6 2. d3 d5 3. Nd2 e5 4. Ngf3 Bd6 5. d4 exd4 6. Bd3 Bg4 7. h3 Bh5 8. O-O Ne7 9. exd5 cxd5 10. Nb3 Nbc6 11. Be2 O-O 12. Nfxd4 Bxe2 13. Qxe2 Re8 14. Be3 Rc8 15. Nxc6 bxc6 16. Qa6 c5 17. Na5 Qb6 18. Qxb6 axb6 19. Nb3 d4 20. Bd2 Nd5 21. Rfe1 Be5 22. Rad1 Re6 23. Nc1 Rce8 24. g3 c4 25. a3 Bd6 26. Rxe6 fxe6 27. Na2 e5 28. Nb4 Bxb4 29. Bxb4 Kf7 30. Bd2 e4 31. Re1 Kf6 32. Kg2 Re6 33. Bc1 Ke5 34. Bd2 Kd6 35. Bc1 Kc5 36. Bd2 h6 37. g4 g5 38. h4 Nf4+ 39. Kg3 d3 40. Bxf4 gxf4+ 41. Kxf4 Kd4 42. c3+ Kd5 43. Kf5 Kd6 44. g5 hxg5 45. hxg5 Ke7 46. Rg1 e3 47. fxe3 Rxe3 48. g6 Kf8 49. Kf6 Rf3+ 50. Ke6 Kg7 51. Kd5 b5 52. a4 Rf5+ 53. Kd4 Rf6 54. axb5 Rxg6 55. Rxg6+ Kxg6 56. Ke3 Kf5 57. b3 cxb3 58. Kxd3 Ke5 59. c4 Kd6 60. Kc3 Kc5 61. Kxb3 1-0

[Event "DSOL 2021"]
[Site "Germany"]
[Date "2021.03.04"]
[Round "5.2"]
[White "Erler, Rainer"]
[Black "Gaul, Alexander"]
[Result "1-0"]
[WhiteElo "2100"]
[BlackElo "1960"]
[Annotator "TA"]
[PlyCount "103"]
[EventDate "2021.01.18"]
[EventType "team-tourn"]
[EventCountry "GER"]
[SourceTitle "playchess.com"]
[Source "ChessBase"]
[SourceQuality "1"]

1. e4 e5 2. Nf3 Nc6 3. Bb5 a6 4. Ba4 Nf6 5. O-O Be7 6. Re1 b5 7. Bb3 d6 8. c3 O-O 9. h3 Nb8 10. d4 Nbd7 11. Nbd2 Bb7 12. Bc2 Re8 13. a4 Bf8 14. Bd3 c6 15. b3 g6 16. Ba3 Nh5 17. Bf1 Nf4 18. g3 Ne6 19. b4 Bg7 20. Nb3 Rc8 21. Na5 Ba8 22. axb5 cxb5 23. d5 Ng5 24. Bc1 Nxf3+ 25. Qxf3 Nb6 26. Qd3 Rc7 27. Be3 Qb8 28. Rec1 Rec8 29. Nc6 Bxc6 30. dxc6 Rxc6 31. Rxa6 Nc4 32. Rxc6 Rxc6 33. Qd5 Rc8 34. Bxc4 Rxc4 35. Ra1 Rc8 36. Ra7 Rf8 37. Rb7 Qc8 38. Bd2 Qxh3 39. Rxb5 h5 40. Bg5 Qg4 41. Be7 Rc8 42. c4 g5 43. Bxd6 h4 44. Bxe5 Bxe5 45. Qxe5 Qd1+ 46. Kg2 h3+ 47. Kxh3 Qf1+ 48. Kg4 Qe2+ 49. f3 Qxc4 50. Qxg5+ Kf8 51. Rc5 Qe6+ 52. Qf5 1-0

[Event "DSOL 2021"]
[Site "Germany"]
[Date "2021.03.05"]
[Round "5.2"]
[White "Trzaska, Peter"]
[Black "Rebentisch, Tom"]
[Result "0-1"]
[WhiteElo "2093"]
[BlackElo "2021"]
[Annotator "TA"]
[PlyCount "66"]
[EventDate "2021.01.18"]
[EventType "team-tourn"]
[EventCountry "GER"]
[SourceTitle "playchess.com"]
[Source "ChessBase"]
[SourceQuality "1"]
[WhiteTeam "SV Erkenschwick I"]
[BlackTeam "SV Horst-Emscher I"]

1. d4 d5 2. Nf3 c5 3. e3 Nc6 4. c4 e6 5. Nc3 Nf6 6. cxd5 Nxd5 7. Bd3 cxd4 8. exd4 Be7 9. O-O O-O 10. Nxd5 Qxd5 11. Re1 Bf6 12. Be4 Qh5 13. Be3 Rd8 14. Ne5 Qxd1 15. Rexd1 Bd7 16. f4 Rac8 17. Rac1 Be8 18. a3 a5 19. Kf2 g6 20. Nxc6 Bxc6 21. Kf3 Kf8 22. b3 h5 23. a4 Ke8 24. Rc4 Bxe4+ 25. Kxe4 Rc6 26. Rxc6 bxc6 27. Rc1 Rb8 28. Rxc6 Rxb3 29. Ra6 Bd8 30. Bd2 Ra3 31. d5 exd5+ 32. Ke5 Rxa4 33. Ra8 d4 0-1

[Event "DSOL 2021"]
[Site "Germany"]
[Date "2021.03.03"]
[Round "5.2"]
[White "Bennemann, Ingmar"]
[Black "Colbow, Collin"]
[Result "1-0"]
[WhiteElo "2085"]
[BlackElo "2339"]
[Annotator "TA"]
[PlyCount "113"]
[EventDate "2021.01.18"]
[EventType "team-tourn"]
[EventCountry "GER"]
[SourceTitle "playchess.com"]
[Source "ChessBase"]
[SourceQuality "1"]

1. e4 c5 2. Ne2 Nc6 3. Nbc3 Nf6 4. g3 e6 5. Bg2 d5 6. exd5 exd5 7. d4 cxd4 8. Nxd4 Bc5 9. Qe2+ Be7 10. Be3 O-O 11. O-O Re8 12. Rfe1 Bg4 13. Qb5 Nb4 14. a3 a6 15. Qa4 Nc6 16. Nxc6 bxc6 17. Qxc6 Rc8 18. Qa4 Rc4 19. Qxa6 Bc8 20. Qb5 Bd7 21. Qb3 Be6 22. Nb5 d4 23. Bf4 Rc5 24. Rxe6 fxe6 25. Qxe6+ Kh8 26. c4 Bf8 27. Qa6 Rxc4 28. Nd6 Bxd6 29. Qxc4 Bxf4 30. gxf4 Nh5 31. Qf7 g6 32. Rd1 Qc8 33. Bf3 Rf8 34. Qd5 Nxf4 35. Qe5+ Kg8 36. Bd5+ Nxd5 37. Qxd5+ Kg7 38. Qxd4+ Kg8 39. b4 Qc2 40. Re1 Qf5 41. Re5 Qh3 42. Re7 Rf7 43. Re8+ Rf8 44. Qd5+ Kg7 45. Qe5+ Kg8 46. Qe6+ Qxe6 47. Rxe6 Rf3 48. Re3 Rf4 49. Rb3 Kf7 50. b5 Ke6 51. b6 Rf8 52. b7 Rb8 53. a4 Kd5 54. a5 Kc4 55. Rb1 Kc5 56. a6 Kc6 57. a7 1-0

[Event "DSOL 2021"]
[Site "Germany"]
[Date "2021.03.04"]
[Round "5.2"]
[White "Adamowicz, Katarzyna"]
[Black "Marcziter, Dmitrii"]
[Result "0-1"]
[WhiteElo "2082"]
[BlackElo "1718"]
[Annotator "TA"]
[PlyCount "80"]
[EventDate "2021.01.18"]
[EventType "team-tourn"]
[EventCountry "GER"]
[SourceTitle "playchess.com"]
[Source "ChessBase"]
[SourceQuality "1"]

1. e4 c5 2. Nf3 a6 3. c4 e6 4. Nc3 Qc7 5. a3 b6 6. d4 cxd4 7. Nxd4 Nf6 8. Bd3 Bb7 9. O-O d6 10. Qe2 Be7 11. f4 Nbd7 12. g4 Nc5 13. Bc2 O-O 14. g5 Ne8 15. Qh5 g6 16. Qh6 e5 17. Rf3 f6 18. Rh3 Rf7 19. Nf3 fxg5 20. Nxg5 Bxg5 21. fxg5 Ne6 22. Be3 Nf4 23. Rh4 Bc8 24. Ba4 Be6 25. Nd5 Bxd5 26. cxd5 b5 27. Bb3 Qe7 28. Rf1 Nh5 29. Rxf7 Qxf7 30. Bd1 Neg7 31. Rh3 Qd7 32. Kg2 Rc8 33. Rh4 Rc4 34. Bb3 Nf5 35. Rxh5 Nxh6 36. Rxh6 Qg4+ 37. Kf2 Rc7 38. Ke1 Qxe4 39. Kd2 Qg2+ 40. Kd3 Qxb2 0-1

[Event "DSOL 2021"]
[Site "Germany"]
[Date "2021.03.04"]
[Round "5.2"]
[White "Meffert, Matthias"]
[Black "Pfrengle, Tim"]
[Result "0-1"]
[WhiteElo "2076"]
[BlackElo "2096"]
[Annotator "TA"]
[PlyCount "164"]
[EventDate "2021.01.18"]
[EventType "team-tourn"]
[EventCountry "GER"]
[SourceTitle "playchess.com"]
[Source "ChessBase"]
[SourceQuality "1"]

1. d4 d5 2. Bf4 Nf6 3. e3 c5 4. c3 Nc6 5. Nf3 Qb6 6. Qb3 c4 7. Qxb6 axb6 8. Nbd2 b5 9. a3 b4 10. cxb4 Nxb4 11. Rc1 Nc6 12. Ne5 Nxe5 13. dxe5 Nd7 14. e4 e6 15. Be2 Nc5 16. O-O b5 17. exd5 exd5 18. Be3 Ne6 19. Nf3 Bb7 20. Rfd1 b4 21. axb4 Bxb4 22. Ra1 O-O 23. Nd4 c3 24. bxc3 Rxa1 25. Rxa1 Bxc3 26. Rd1 Re8 27. Nxe6 fxe6 28. f4 Ra8 29. Rb1 Ra1 30. Rxa1 Bxa1 31. Bd3 g6 32. Bc5 Bc6 33. Kf2 Bc3 34. Ke3 Kf7 35. Bd4 Bb4 36. g4 Ba4 37. f5 Bf8 38. Kf4 Ba3 39. f6 Bc1+ 40. Kg3 Bd1 41. h4 h6 42. Bb1 Bd2 43. Bd3 Be1+ 44. Kh3 h5 45. gxh5 gxh5 46. Kh2 Bxh4 47. Kg2 Bg4 48. Be3 Be1 49. Bf4 h4 50. Kh2 Bc3 51. Kg2 Be1 52. Kf1 Ba5 53. Kf2 Bb6+ 54. Kg2 Bc5 55. Kh2 Bf3 56. Bg5 Bf2 57. Bf4 Be4 58. Be2 Bg6 59. Kg2 Be1 60. Kf1 Bc3 61. Kf2 d4 62. Bc4 d3 63. Bb3 d2 64. Bd1 Ke8 65. Kg2 Kd7 66. Kh3 Kc6 67. Kxh4 Kd5 68. Kg5 Bf7 69. Kh6 Ke4 70. Kg7 Kxf4 71. Kxf7 Kxe5 72. Kg6 Bb4 73. f7 Kf4 74. Kf6 e5 75. Ke6 Ke4 76. Bh5 Bf8 77. Bd1 Bg7 78. Bc2+ Kd4 79. Kf5 e4 80. Kf4 Bh6+ 81. Kg3 Ke3 82. Kg2 Ke2 0-1

[Event "DSOL 2021"]
[Site "Germany"]
[Date "2021.03.05"]
[Round "5.2"]
[White "Gallasch, Robin"]
[Black "Bohnhoff, Peter"]
[Result "1-0"]
[WhiteElo "2067"]
[BlackElo "2078"]
[Annotator "TA"]
[PlyCount "56"]
[EventDate "2021.01.18"]
[EventType "team-tourn"]
[EventCountry "GER"]
[SourceTitle "playchess.com"]
[Source "ChessBase"]
[SourceQuality "1"]
[WhiteTeam "SG Porz II"]
[BlackTeam "SC Roter Turm Altstadt I"]

1. d4 f5 2. Bg5 g6 3. Nc3 Bg7 4. e4 fxe4 5. Nxe4 d5 6. Ng3 Nh6 7. Nf3 Nf7 8. h4 Bg4 9. Be2 Nc6 10. c3 Qd7 11. Qb3 O-O 12. O-O-O e6 13. Be3 Bxf3 14. Bxf3 Na5 15. Qc2 Nc4 16. h5 Nxe3 17. fxe3 g5 18. h6 Nxh6 19. Rh5 g4 20. Bxg4 Rf6 21. Bf3 Qf7 22. Rg5 Kh8 23. Rh1 Rg6 24. Bh5 Qf6 25. Rxg6 hxg6 26. Qxg6 Qf2 27. Qg5 Rf8 28. Bf3 Kg8 1-0